000 00633nam a2200205 4500
001 118069
003 ES-MaACL
005 20230906191026.0
007 t|
008 070214s1970 sp r ||||1| spa d
100 1 _aParanque, Régis.
_988936
245 1 3 _aLa semana de treinta horas /
_cRégis Paranque. La jornada de trabajo en España / Raúl García-Durán Lara.
260 _aBarcelona :
_bA. Redondo,
_c1970.
300 _a196 p. ;
_c18 cm.
490 1 _aBeta ;
_v5
700 1 _aGarcía-Durán Lara, Raúl.
_954563
830 0 _aBeta ;
_v5
_9182807
852 _aES-MaACL
_jC-42502
_bR.74153
999 _c118069
_d118069